logo

Bir Sreshtho Munshi Abdur Rouf Library
Jhenaidah Cadet College

Asian nationalism in the twentieth century / (Record no. 9338)

MARC details
000 -LEADER
fixed length control field 00749nam a2200253 4500
001 - CONTROL NUMBER
JCCL Control Number 9338
003 - CONTROL NUMBER IDENTIFIER
JCCL marc code BD-JhCC
005 - DATE AND TIME OF LATEST TRANSACTION
control field 20180320085941.0
008 - FIXED-LENGTH DATA ELEMENTS--GENERAL INFORMATION
fixed length control field 680301s1968 enkabcf b 000 0 eng
035 ## - SYSTEM CONTROL NUMBER
system control number (BD-JhCC)9338
040 ## - CATALOGING SOURCE
Original cataloging agency DLC
Transcribing agency DLC
Modifying agency DLC
-- BD-JhCC
041 ## - LANGUAGE CODE
Language code of Book eng
050 00 - LIBRARY OF CONGRESS CALL NUMBER
Classification number DS35
Item number .K45
082 00 - DEWEY DECIMAL CLASSIFICATION NUMBER
Classification number 320.1/58/095
Author mark and Year KEN 1968
100 1# - MAIN ENTRY--PERSONAL NAME
Personal name Kennedy, Joseph,
Dates associated with a name 1919-
245 10 - TITLE STATEMENT
Title Asian nationalism in the twentieth century /
Statement of responsibility, etc [by] J. Kennedy.
260 ## - PUBLICATION, DISTRIBUTION, ETC. (IMPRINT)
Place of publication, distribution, etc London,
-- Melbourne [etc.]
Name of publisher, distributor, etc Macmillan;
Place of publication, distribution, etc New York,
Name of publisher, distributor, etc St. Martin's P.,
Date of publication, distribution, etc 1968.
300 ## - PHYSICAL DESCRIPTION
Pagination [x], 244 p.
Other physical details 8 plates, illus., map, ports.
Dimensions 23 cm.
350 ## - PRICE (NR) (BK AM CF MU VM SE) [OBSOLETE]
Price 42/-
504 ## - BIBLIOGRAPHY, ETC. NOTE
Bibliography, etc Bibliography: p. [229]-235.
650 #0 - SUBJECT ADDED ENTRY--TOPICAL TERM
Topical term or geographic name as entry element Nationalism
Geographic subdivision Asia.
942 ## - ADDED ENTRY ELEMENTS (KOHA)
Source of classification or shelving scheme Dewey Decimal Classification
Koha item type Books
Holdings
Source of classification or shelving scheme Damaged status Not for loan Home library Current library Shelving location Total Checkouts Full call number Barcode Date last seen Copy number Koha item type
Dewey Decimal Classification     JCC Rouf Library JCC Rouf Library General Stacks   320.1/58/095 KEN 1968 12518 03/13/2018 C - 1 Books

JCC Library | Contacts | JCC Home

Last Update on 23 September 2017
Copyright @ 2017-2020 JCC Rouf Library
Rouf Library, Jhenidah Cadet College (JCC), Bangladesh